000 00528nam a22001697a 4500
999 _c63990
_d63990
005 20260305104913.0
008 260305s1973 enk||||| |||| 00| 0 eng d
020 _a 9780262519281x
041 _aeng
080 _a811.521'36 K-89
100 _aKuno, Susumu
_927052
245 _aThe Structure of the Japanese Language /
_c Susumu Kuno.
264 _aCambridge :
_bMIT Press,
_c1973.
300 _a410 p.;
_b23 cm.
653 _aიაპონური ენის სტრუქტურა
942 _2udc
_cᲬᲘᲒᲜᲘ